Rechnerunterstützer Arbeitsplatz des Ökonomen am 25./26. Mai 1989

Salvato in:
Dettagli Bibliografici
Natura: Libro
Lingua:tedesco
Pubblicazione: Berlin Hochschule für Ökonomie "Bruno Leuschner" 1989
Edizione:1. Aufl.
Serie:Konferenzbeiträge zur Tagung Heft 103
Tags: Aggiungi Tag
Nessun Tag, puoi essere il primo ad aggiungerne!!

MARC

LEADER 00000nam a2200000 4500
001 c027515
005 20250515110041.6
041 0 |a ger 
044 |a DE 
245 1 0 |a Rechnerunterstützer Arbeitsplatz des Ökonomen am 25./26. Mai 1989 
250 |a 1. Aufl. 
264 1 |a Berlin  |b Hochschule für Ökonomie "Bruno Leuschner"  |c 1989 
300 |a 231 s. 
490 1 |a Konferenzbeiträge zur Tagung  |v Heft 103 
830 0 |a Konferenzbeiträge zur Tagung  |v Heft 103